| 000 | 00529cam a2200205ua 4500 | ||
|---|---|---|---|
| 001 | 10065 | ||
| 008 | 170328n ii |||gr||||Z||||||asm | ||
| 020 | _a9789382030065 | ||
| 040 | _cMAIN | ||
| 041 | _aasm | ||
| 082 | _a327 | ||
| 100 |
_aGohain, Nabin, _eAuthor. |
||
| 245 |
_aAntajartik samparka _cBy Nabin Gohain and Bikash Chandra Das |
||
| 250 | _a4th ed. | ||
| 260 |
_aJorhat: _bUnika prakashan, _c2015. |
||
| 300 | _a520p. | ||
| 653 | _aInternational relations | ||
| 700 |
_aDas, Bikash Chandra, _eAuthor. |
||
| 942 | _cBK | ||
| 999 |
_c9064 _d9064 |
||